000 00797nam a22002417a 4500
005 20260209101609.0
008 260209t ||||| |||| 00| 0 spa d
020 _a9789585032347
040 _aCO-BoUCM
_cDavid Moreno
_dDavid Moreno
041 _aspa
100 1 _aLópez Carvajal, Oscar
_9187959
245 1 0 _aControl organizacional
_cOscar López Carvajal
250 _a1a.Ed
260 _aBogotá, Colombia
_bEcoe Ediciones
_c2022
300 _a170 páginas
650 1 4 _aDesarrollo organizacional
_912980
650 1 4 _aControl administrativo
_911859
650 1 4 _aEvaluación del desempeño
_97608
650 1 4 _aGestión organizacional
_9187869
650 1 4 _aIndicadores de gestión
_917303
942 _2DEWEY
_a16
_cLIBRO
_e1
_h658.4
_mL864c
_n0
999 _c326087
_d326087